Nationalities of "Old friends of China" - Statistics

General Stats
  • This quiz has been taken 52 times
  • The average score is 70 of 86
Answers on the Map
Answers color-coded by a green-red scale on the quiz's map according to % correct below.
 
Answer Stats
Answer % Correct
Russia
100%
Brazil
97%
Canada
97%
India
97%
Indonesia
97%
Indonesia
97%
Japan
97%
Kazakhstan
97%
Mongolia
97%
Myanmar
97%
Nepal
97%
North Korea
97%
Pakistan
97%
South Korea
97%
Thailand
97%
United Kingdom
97%
Australia
95%
Bangladesh
95%
Cambodia
95%
France
95%
Germany
95%
Iran
95%
Malaysia
95%
Mexico
95%
Spain
95%
Turkey
95%
United States
95%
Vietnam
95%
Argentina
92%
Colombia
92%
Italy
92%
Laos
92%
Philippines
92%
Saudi Arabia
92%
Tajikistan
92%
Ukraine
92%
New Zealand
90%
Oman
90%
Peru
90%
Portugal
90%
South Africa
90%
Sri Lanka
90%
Poland
87%
Afghanistan
85%
Cuba
85%
Ethiopia
85%
Algeria
82%
Democratic Republic of the Congo
82%
Niger
82%
Nigeria
82%
Romania
82%
Sudan
82%
Venezuela
82%
Belarus
79%
Greece
79%
Israel
79%
Netherlands
79%
Uzbekistan
79%
Austria
74%
Serbia
74%
Singapore
74%
Somalia
74%
Uruguay
74%
Bulgaria
72%
Eritrea
69%
Hungary
69%
Switzerland
69%
Tanzania
69%
Tunisia
69%
Ghana
67%
Uganda
64%
Zambia
64%
Zimbabwe
64%
Estonia
62%
Albania
59%
Burundi
56%
Cameroon
56%
Gabon
54%
Kuwait
54%
Cyprus
51%
Mozambique
51%
Malta
46%
East Timor
41%
Palestine
33%
Federated States of Micronesia
31%
Vanuatu
31%
No matching quizzes found
Score Distribution
Percent of People with Each Score
Percentile by Number Answered
Your Score History
You have not taken this quiz